| 000 | 01718cam a22003854a 4500 | ||
|---|---|---|---|
| 090 | _c10112 | ||
| 001 | 13659744 | ||
| 005 | 20070725081141.0 | ||
| 008 | 040720s2005 nyua b 001 0 eng | ||
| 010 | _a 2004051186 | ||
| 020 | _a9780521839495 (alk. paper) | ||
| 020 | _a0521839491 (alk. paper) | ||
| 020 | _a9780521548366 (pbk. : alk. paper) | ||
| 020 | _a0521548365 (pbk. : alk. paper) | ||
| 040 |
_aDLC _cDLC _dDLC |
||
| 042 | _apcc | ||
| 050 | 0 | 0 |
_aHM881 _b.S6293 2005 |
| 082 | 0 | 0 |
_a303.484 _222 _bSOC |
| 245 | 0 | 0 |
_aSocial movements and organization theory / _cedited by Gerald F. Davis ... [et al.]. |
| 260 |
_aNew York, N.Y. : _bCambridge University Press, _cc.2005. |
||
| 300 |
_axviii, 434 p. : _bill. ; _c24 cm. |
||
| 440 | 0 | _aCambridge studies in contentious politics | |
| 504 | _aIncludes bibliographical references (p. 367-416) and index. | ||
| 650 | 0 | _aSocial movements. | |
| 650 | 0 | _aPolitical sociology. | |
| 650 | 0 |
_aOrganization _xResearch. |
|
| 700 | 1 |
_aDavis, Gerald F. _q(Gerald Fredrick), _d1961- |
|
| 856 | 4 | 1 |
_3Table of contents only _uhttp://www.loc.gov/catdir/toc/fy0601/2004051186.html |
| 856 | 4 | 2 |
_3Publisher description _uhttp://www.loc.gov/catdir/enhancements/fy0632/2004051186-d.html |
| 856 | 4 | 2 |
_3Contributor biographical information _uhttp://www.loc.gov/catdir/enhancements/fy0733/2004051186-b.html |
| 906 |
_a7 _brip _corignew _d1 _eocip _f20 _gy-gencatlg |
||
| 942 |
_2ddc _cARCH |
||
| 999 |
_c10112 _d10112 |
||